|
|
|
|
| LEADER |
00000cam a2200000 a 4500 |
| 001 |
vtls009735455 |
| 003 |
SK-MaSNL |
| 005 |
20260331204842.0 |
| 008 |
251120s2003 xo a rj f000 0 slo |
| 013 |
|
|
|a 283550
|b xxu
|c patent
|d 20030911
|e dátum nadobudnutia účinkov patentu (Vestník ÚPV SR č.: 9/2003)
|d 20030811
|e dátum sprístupnenia patentu
|
| 013 |
|
|
|a 1454-98
|e číslo prihlášky
|d 19970421
|e dátum podania prihlášky
|d 19991008
|e dátum zverejnenia prihlášky (Vestník ÚPV SR č.: 10/1999)
|
| 013 |
|
|
|a 60/016 184, 9609741.5
|e číslo prioritnej prihlášky
|d 19960424, 19960510
|e dátum podania prioritnej prihlášky
|b US, GB
|e kód krajiny prioritnej prihlášky
|
| 013 |
|
|
|a 283550
|b xxk
|c patent
|d 20030911
|e dátum nadobudnutia účinkov patentu (Vestník ÚPV SR č.: 9/2003)
|d 20030811
|e dátum sprístupnenia patentu
|
| 015 |
|
|
|a SNBN2014
|
| 035 |
|
|
|a (SVKBBclas03)vtls000214400
|
| 040 |
|
|
|a SNK
|b slo
|c SNK
|e AACR2
|
| 041 |
0 |
|
|a slo
|
| 044 |
|
|
|a xo
|c SK
|
| 072 |
|
7 |
|a 616
|x Patológia. Klinická medicína
|2 konspekt
|
| 072 |
|
7 |
|a 615
|x Farmácia. Farmakológia
|2 konspekt
|
| 080 |
|
|
|a 616-022.7
|2 2001
|
| 080 |
|
|
|a 615.45
|2 2001
|
| 084 |
|
|
|a C07D 477/14
|2 IPC
|
| 084 |
|
|
|a C07D 519/00,
|
| 084 |
|
|
|a A61K 31/41
|
| 084 |
|
|
|a //C07D 487:00,
|
| 084 |
|
|
|a C07D 477:00
|2 IPC
|
| 100 |
1 |
|
|a Wilkening, robert R.
|4 org
|9 557738
|
| 245 |
1 |
0 |
|a Karbapenémové deriváty, farmaceutický prostriedok s ich obsahom a ich použitie
|c Robert R. Wilkening, Ronald W. Ratcliffe, Timothy A. Blizzard ; patent. zást. Marta Majlingová
|
| 260 |
|
|
|a [Banská Bystrica]
|b Úrad priemyselného vlastníctva SR
|c [2004]
|
| 300 |
|
|
|a 41 s.
|b tab.
|c 30 cm
|
| 650 |
0 |
7 |
|a bakteriálne infekcie
|2 SNKPH
|9 69631
|
| 650 |
0 |
7 |
|a Bacterial infections
|2 SNKPHeng
|9 310545
|
| 650 |
0 |
7 |
|a liečivé prípravky
|2 SNKPH
|9 84057
|
| 650 |
0 |
7 |
|a Pharmaceutical preparations
|2 SNKPHeng
|9 303429
|
| 655 |
|
7 |
|a patenty
|2 SNKPH
|9 177343
|
| 655 |
|
7 |
|a patent licenses
|2 SNKPHeng
|9 303430
|
| 700 |
1 |
|
|a Ratcliffe, Ronald W.
|4 org
|9 557739
|
| 700 |
1 |
|
|a Blizzard, Timothy A.
|4 org
|9 557740
|
| 700 |
1 |
|
|a Majlingová, Marta
|4 oth
|9 305101
|
| 710 |
2 |
|
|a Merck & Co., Inc. (Rahway, Spojené štáty americké)
|4 pth
|9 321801
|
| 999 |
|
|
|c 855646
|d 857576
|
| 952 |
|
|
|a SNK
|b SNK
|y PREZ
|7 0
|p 17A0457134
|o snkSK 283550
|i snk2005/6786
|8 0
|0 0
|1 0
|4 0
|d 2005-04-25
|l 0
|r 2026-02-24 04:55:29
|w 2026-02-24
|